Statistics for Victoria 2 Pop Job Types

Click here to take the quiz!

General Stats

  • This quiz has been taken 54 times
  • The average score is 9 of 12

Answer Stats

Answer% Correct
Capitalist
87%
Farmer
87%
Soldier
83%
Aristocrat
76%
Clerk
76%
Craftsman
76%
Slave
76%
Officer
70%
Clergymen
65%
Artisan
63%
Laborer
61%
Bureaucrat
59%

Score Distribution

Percentile by Number Answered

Percent of People with Each Score

Your Score History

You have not taken this quiz